01741nam a2200205 a 4500008004100000020001800041041000800059092001700067100003500084245010000119250001100219260003000230300001100260500012400271505091800395655002101313942001301334999001501347952017301362180206e2011 ag ||||g |||| 00| 0 spa d a9789876042444 aspa c808l24sFED1 aFedeli, Liliana Graciela93272 aCipolletti. Una comunidad en acción.bConflicto social o pueblada? /cLiliana Graciela Fedeli a1a ed. aNeuquén:bEDUCO;c2011. a150 p. aFedeli, L. G. (2011). Cipolletti. Una comunidad en acción. Conflicto social o pueblada?. (1a ed.). Neuquén : EDUCO. aEl Cipoletazo se inscribe en un ciclo de protesta social producida en la segunda década del '70, representada por un estadio de conflictividad con movilización nacional, con casos como el Rosariazo, Cordobazo y otros posteriores. La conflictividad era producto del modelo de Estado burocrático autoritario impuesto por la "Revolución Argentina", que tenía como objetivos de gobierno: suspender la actividad política, reorganizar la economía y la sociedad, ejerciendo control sobre los intentos de protesta social. El caso de Cipolletti, producido el 12 de Septiembre de 1969, fue particular y diferenciable porque la población se movilizó ante el intento del poder provincial de remover de su cargo al comisionado municipal Julio Dante Salto. La masiva participación lo convirtió en una verdadera pueblada. Los cipoleños querían inscribir su destino sin ingerencias ni condicionamientos. aLiteratura92917 2ddccLIT c3171d3171 00102ddc4070aBFMbBFMcCRd2023-08-02eDonación Julio 2023.l0o808 24 FEDp4861r2023-08-02tEj. 1w2023-08-02yLITzDonación Julio 2023. Proyecto 4to Libro.f